| 000 | 00722pam a2200205 a 4500 | ||
|---|---|---|---|
| 020 | _a047194193X | ||
| 082 | 0 | 0 |
_a388.015118 _bORT _cL-NUST, P-25 |
| 100 | 2 |
_aOrtúzar S., Juan de Dios. _938771 |
|
| 245 | 1 | 0 |
_aModelling transport / _cJuan de Dios Ortúzar, Luis G. Willumsen. |
| 250 | _a2nd ed. | ||
| 260 |
_aChichester ; _aNew York : _bWiley, _cc1994. |
||
| 300 |
_axiii, 438 p. : _bill. _c;26 cm. |
||
| 526 |
_a0 _b0 _c0 _d388_015118000000000_ORT |
||
| 650 | 0 |
_aChoice of transportation _xMathematical models. _938772 |
|
| 650 | 0 |
_aNUST _96342 |
|
| 650 | 0 |
_aTransportation _xMathematical models. _938773 |
|
| 650 | 0 |
_aTrip generation _xMathematical models. _938774 |
|
| 700 | 1 |
_aWillumsen, Luis G. _938775 |
|
| 942 |
_2ddc _cBK |
||
| 999 |
_c543413 _d543413 |
||